[Event "SWE-ch"]
[Site "Linkoping"]
[Date "2001.07.10"]
[Round "9"]
[White "Couso, Luis"]
[Black "Wedberg, Tom Birger"]
[Result "0-1"]
[WhiteElo "2324"]
[BlackElo "2505"]
[Annotator "Ziegler,A"]
[PlyCount "94"]
[EventDate "2001.06.30"]
[EventType "tourn"]
[EventRounds "13"]
[EventCountry "SWE"]
[EventCategory "8"]
[SourceTitle "CBM 085"]
[Source "ChessBase"]
[SourceDate "2001.11.13"]
[SourceVersion "1"]
[SourceVersionDate "2001.11.13"]
[SourceQuality "1"]

1. e4 e5 2. Nf3 Nc6 3. Bb5 a6 4. Ba4 Nf6 5. O-O Nxe4 6. d4 b5 7. Bb3 d5 8. dxe5
Be6 {Nu står vit inför ett vägskäl. Förutom det klassiska textdraget.} 9. c3 ({
Finns även det moderna:} 9. Be3 {samt det som Kasparov föredrar:}) (9. Nbd2)
9... Be7 10. Nbd2 Nc5 11. Bc2 Bg4 12. h3 (12. Re1 {Är något bättre, tror man
idag.} Qd7 13. Nf1 Rd8 14. Ne3 Bh5 15. b4 Ne6 16. g4 Bg6 17. Nf5 O-O 18. a4 {
Som i Khalifman-Marin i Olympiaden i fjol, eller Haba-Marin, Budapest ,1993,
med någon form av press för vit.}) 12... Bh5 13. g4 ({Enligt Tom leder} 13. Re1
O-O 14. Nb3 Ne4 15. Bf4 Bg6 {Till utjämning.}) (13. Qe1 Ne6 14. Nh2 Bg6 15.
Bxg6 fxg6 {'!'} 16. Nb3 g5 {Med oklart spel Aljechin - Rubinstein, Vilnius,
1912}) 13... Bg6 14. Nb3 Qd7 15. Nbd4 Bxc2 16. Qxc2 h5 ({Tom har kommenterar
partiet mellan Ioselani och Hort, från Monaco 1994. Här avviker han. Måhända
har han väntat på detta tillfälle i sju år?} 16... Nxd4 17. Nxd4 h5 $5 18. f3
Ne6 19. Kg2 c5 20. Nxe6 Qxe6 {Svart står inte sämre.}) 17. Qf5 Nxd4 18. Nxd4
hxg4 19. hxg4 g6 20. Qxd7+ Kxd7 {[#] Tom, som är Sveriges kung i öppna spel
har gjort det igen. Fördel som svart efter blott 20 drag.} 21. Kg2 (21. Nf3 Nd3
22. Kg2 c5 23. Rd1 c4 {Är bättre än partiet för vit, men svart står överlägset.
}) 21... Rh4 22. Bf4 Rxg4+ (22... Nd3 $5 23. Bg3 Rxg4 24. f3 Rg5 {Påminner om
partiet men med den skillnaden att vit har något svagare kungsställning.}) 23.
Kf3 Rh4 24. Rfd1 Rah8 25. Bg3 R4h5 26. Nb3 c6 27. Nxc5+ Bxc5 28. b4 Bb6 29. a4
{Luis försvarar sig bra.} Kc8 {Svart stod inför svåra val, och beslöt sig för
att ge upp kontrollen över e6-fältet till förmån för damflygeln.} 30. Re1 Kb7
$6 (30... Re8 {Var säkrare.}) 31. e6 Rf8 32. axb5 fxe6+ 33. Kg2 e5 34. bxc6+ $6
(34. bxa6+ Ka7 35. Rxe5 Rxe5 36. Bxe5 Rxf2+ 37. Kg3 {Är remi.}) 34... Kxc6 35.
Rxa6 $6 (35. f3) 35... Kb5 36. Ra2 $6 (36. Rxb6+ Kxb6 37. Bxe5 {Ger goda
chanser till remi.}) 36... e4 {Nu har svart greppet igen tack vare den svaga
c3-bonden.} 37. Rd1 ({Det var bättre att gardera bonden direkt, även om det
sannolikt inte hade ändrat resultatet.} 37. Rc2) 37... Rf3 38. Ra3 Rhf5 39. Rd2
d4 40. Rc2 d3 41. Rca2 Kc4 42. b5 Rxb5 43. Ra4+ Kxc3 44. R2a3+ Kc2 45. Rxe4 d2
46. Ra1 Rd3 47. Rc4+ Kb3 0-1